[Event "SR 2. liga A 2012/2013"]
[Site "?"]
[Date "2012.12.15"]
[Round "27.5"]
[White "Balogh, Peter"]
[Black "Sosovicka, Matej"]
[Result "0-1"]
[WhiteElo "2013"]
[BlackElo "2001"]
[PlyCount "118"]
[EventDate "2012.??.??"]
[WhiteTeam "Gabcikovo"]
[BlackTeam "DNV A"]

1. e4 e5 2. Nf3 Nc6 3. Bc4 Nf6 4. d4 exd4 5. O-O Nxe4 6. Re1 d5 7. Bxd5 Qxd5 8.
Nc3 Qh5 9. Nxe4 Be6 10. Bg5 Bd6 11. Bf6 Bxh2+ 12. Nxh2 Qxd1 13. Raxd1 gxf6 14.
Nxf6+ Kf8 15. Nf3 Rd8 16. a3 h5 17. Ne5 Kg7 18. Nxc6 bxc6 19. Ne4 Rd5 20. b4 a5
21. c4 Rdd8 22. Nd2 axb4 23. axb4 Rb8 24. Rb1 Rhd8 25. Re5 Kg6 26. Rc5 Rb6 27.
Nf3 f6 28. Re1 Bg4 29. Nh4+ Kh6 30. f3 Bc8 31. b5 cxb5 32. cxb5 d3 33. Rd1 d2
34. Nf5+ Bxf5 35. Rxf5 Kg6 36. Rc5 Re6 37. Kf2 Rd7 38. Rc2 Re5 39. Rb2 Rdd5 40.
Rdxd2 Rxb5 41. Rdc2 Rxb2 42. Rxb2 c5 43. Rc2 Rd5 44. Ke3 Kf5 45. Rc4 Ke6 46. f4
Kd6 47. Ke4 f5+ 48. Ke3 Rd1 49. Ra4 Kd5 50. Ra8 Re1+ 51. Kd3 c4+ 52. Kc3 Re3+
53. Kd2 Rg3 54. Ke2 Rxg2+ 55. Kf3 Rg6 56. Rf8 Kd4 57. Rxf5 c3 58. Rxh5 Rg1 59.
Ke2 c2 0-1

[Event "SR 2. liga A 2012/2013"]
[Site "?"]
[Date "2012.12.15"]
[Round "27.6"]
[White "Macka, Oto"]
[Black "Kosar, Mikulas"]
[Result "0-1"]
[WhiteElo "2027"]
[BlackElo "1968"]
[PlyCount "102"]
[EventDate "2012.??.??"]
[WhiteTeam "DNV A"]
[BlackTeam "Gabcikovo"]

1. e4 d5 2. exd5 Nf6 3. d4 Nxd5 4. Nf3 Bf5 5. Be2 Nc6 6. O-O e6 7. Re1 Be7 8.
a3 O-O 9. c4 Nf6 10. Nc3 Ne4 11. Nxe4 Bxe4 12. Be3 Bf6 13. Nd2 Bg6 14. Nb3 Ne7
15. Bf3 c6 16. Nc5 b6 17. Ne4 Bxe4 18. Bxe4 Rc8 19. Qd3 g6 20. Rad1 Qc7 21. Qe2
Nf5 22. Bxf5 exf5 23. b3 Rfe8 24. Qf3 Re4 25. d5 c5 26. Bc1 Rce8 27. Rxe4 Rxe4
28. g3 h5 29. Bf4 Qd7 30. h4 Bd4 31. Kf1 Qe8 32. Bd2 b5 33. Re1 bxc4 34. bxc4
Rxe1+ 35. Bxe1 Qe4 36. Qxe4 fxe4 37. Bd2 Kf8 38. Ke2 Ke7 39. f3 f5 40. Bg5+ Kd6
41. Bf4+ Ke7 42. fxe4 fxe4 43. Kf1 Kd7 44. Kg2 Bb2 45. a4 Bd4 46. Kh3 Bf2 47.
g4 e3 48. Kg2 hxg4 49. Bb8 Bxh4 50. Kf1 g3 51. Bxa7 g2+ 0-1

[Event "SR 2. liga A 2012/2013"]
[Site "?"]
[Date "2012.12.15"]
[Round "27.7"]
[White "Puobis, Jozef"]
[Black "Karas, Marek"]
[Result "0-1"]
[WhiteElo "1910"]
[BlackElo "1951"]
[PlyCount "78"]
[EventDate "2012.??.??"]
[WhiteTeam "Gabcikovo"]
[BlackTeam "DNV A"]

1. d4 Nf6 2. Nf3 e6 3. Bf4 c5 4. e3 d5 5. c3 Be7 6. Bd3 Nc6 7. O-O Nh5 8. Be5
Nxe5 9. dxe5 g6 10. g4 Ng7 11. Qa4+ Bd7 12. Qf4 g5 13. Qg3 Qb6 14. b3 O-O-O 15.
Nbd2 h5 16. b4 hxg4 17. Qxg4 c4 18. Bc2 f5 19. Qd4 Qxd4 20. Nxd4 Rh6 21. Kg2
Rdh8 22. Rh1 Bd8 23. h3 Bc7 24. N2f3 Rg6 25. Rag1 Rg8 26. Kf1 Ne8 27. Rg2 R6g7
28. Rhg1 g4 29. hxg4 fxg4 30. Nh2 Bxe5 31. Nxg4 Bc7 32. Nf3 Nd6 33. Ke2 Nb5 34.
Kd2 e5 35. Bh7 Rxh7 36. Nf6 Rxg2 37. Rxg2 Rh8 38. Nxd5 Rd8 39. Nxc7 Bh3+ 0-1

[Event "SR 2. liga A 2012/2013"]
[Site "?"]
[Date "2012.12.15"]
[Round "27.8"]
[White "Hurban, Martin"]
[Black "Kosar, Mikulas"]
[Result "1-0"]
[WhiteElo "1935"]
[BlackElo "1738"]
[PlyCount "75"]
[EventDate "2012.??.??"]
[WhiteTeam "DNV A"]
[BlackTeam "Gabcikovo"]

1. e4 e5 2. Nf3 Nf6 3. Nxe5 d6 4. Nf3 Nxe4 5. d4 d5 6. Bd3 Nf6 7. O-O Be7 8.
Re1 O-O 9. Nbd2 Re8 10. Nf1 Nc6 11. c3 Bf8 12. Bg5 Rxe1 13. Qxe1 g6 14. Ne3 Qd6
15. Bxf6 Qxf6 16. Nxd5 Qd6 17. Ne3 Ne7 18. Nc4 Qf6 19. Nce5 Bf5 20. Bc4 Be6 21.
Bxe6 fxe6 22. Nd7 Qf5 23. Nc5 Kf7 24. Nxe6 c6 25. Nc5 b6 26. Ne4 Nd5 27. Ne5+
Kg8 28. Nxc6 Re8 29. Ne5 Qf4 30. Qe2 Bg7 31. g3 Qf5 32. Nd6 Rxe5 33. Qxe5 Qxe5
34. dxe5 Bxe5 35. Nc4 Bf6 36. Rd1 Nc7 37. Rd7 Nb5 38. a4 1-0

[Event "SR 2. liga A 2012/2013"]
[Site "?"]
[Date "2012.12.15"]
[Round "28.1"]
[White "Petenyi, Tamas"]
[Black "Dolnak, Michal"]
[Result "1-0"]
[WhiteElo "2457"]
[BlackElo "2115"]
[PlyCount "73"]
[EventDate "2012.??.??"]
[WhiteTeam "D. Streda B"]
[BlackTeam "Krasnany"]

1. e4 e5 2. Nf3 Nc6 3. Bb5 Nf6 4. d3 Bc5 5. c3 d6 6. d4 exd4 7. cxd4 Bb4+ 8.
Bd2 Bxd2+ 9. Nbxd2 O-O 10. O-O Ne7 11. d5 Ng6 12. Rc1 a6 13. Bd3 Nf4 14. Bb1
Re8 15. Re1 Bg4 16. Qb3 Qd7 17. Nd4 Rab8 18. h3 Bh5 19. Qg3 Ng6 20. Nf5 Rbd8
21. Qg5 Qb5 22. g4 Bxg4 23. hxg4 Qxb2 24. Nc4 Qb4 25. Qd2 Qb5 26. f3 Qd7 27.
Qb2 b5 28. Nce3 Ne5 29. Qg2 Rc8 30. f4 Ng6 31. Qf3 Qd8 32. g5 Nd7 33. Ng4 Nb6
34. Qc3 Ne5 35. fxe5 Qxg5 36. Qg3 dxe5 37. Ngh6+ 1-0

[Event "SR 2. liga A 2012/2013"]
[Site "?"]
[Date "2012.12.15"]
[Round "28.2"]
[White "Slacky, Stanislav"]
[Black "Csiba, Dominik"]
[Result "0-1"]
[WhiteElo "2198"]
[BlackElo "2376"]
[PlyCount "130"]
[EventDate "2012.??.??"]
[WhiteTeam "Krasnany"]
[BlackTeam "D. Streda B"]

1. d4 Nf6 2. c4 g6 3. Nf3 Bg7 4. g3 c6 5. Bg2 d5 6. O-O O-O 7. Nc3 dxc4 8. e4
b5 9. Qc2 Na6 10. a4 Nb4 11. Qe2 Qb6 12. Be3 Ng4 13. Bg5 f6 14. Bd2 Nc2 15.
Rac1 Nxd4 16. Nxd4 Qxd4 17. axb5 Ne5 18. Be3 Qd3 19. bxc6 Bg4 20. f3 Be6 21. f4
Qxe2 22. Nxe2 Nxc6 23. e5 Rac8 24. Bxc6 Rxc6 25. Nd4 Ra6 26. Nxe6 Rxe6 27. Rxc4
fxe5 28. Re4 a6 29. b4 Rff6 30. Re1 exf4 31. Bd4 Rxe4 32. Rxe4 Rf7 33. Bxg7
Kxg7 34. gxf4 Kf8 35. Kg2 Rf6 36. Kg3 Kf7 37. Re1 Rb6 38. Ra1 Kf6 39. Ra5 e6
40. Ra4 h6 41. Kf3 g5 42. fxg5+ hxg5 43. Ke4 Rc6 44. Kd4 Kf5 45. Ke3 e5 46. Ra5
g4 47. Ra1 Rc3+ 48. Kf2 Rh3 49. Rxa6 Rxh2+ 50. Kg3 Rb2 51. Rb6 Rb3+ 52. Kf2 Kf4
53. Rf6+ Ke4 54. Rg6 Rb2+ 55. Kg3 Kd3 56. Rd6+ Ke3 57. Kxg4 e4 58. Kg3 Ke2 59.
Kg2 e3 60. Rd8 Rxb4 61. Rg8 Rb5 62. Rg7 Ke1 63. Rd7 e2 64. Rg7 Rd5 65. Re7 Kd1
0-1

[Event "SR 2. liga A 2012/2013"]
[Site "?"]
[Date "2012.12.15"]
[Round "28.3"]
[White "Takacs, Laszlo"]
[Black "Bronis, Marian"]
[Result "0-1"]
[WhiteElo "2134"]
[BlackElo "2165"]
[PlyCount "140"]
[EventDate "2012.??.??"]
[WhiteTeam "D. Streda B"]
[BlackTeam "Krasnany"]

1. e4 c5 2. Nf3 e6 3. d4 cxd4 4. Nxd4 Nc6 5. Nc3 d6 6. Be3 Nf6 7. Be2 Be7 8.
O-O O-O 9. Qd2 e5 10. Nb3 Ng4 11. Bxg4 Bxg4 12. Nd5 Re8 13. Nxe7+ Qxe7 14. Nc1
Be6 15. Ne2 Bc4 16. Rfd1 Bxe2 17. Qxe2 Qc7 18. c3 Na5 19. Bg5 Re6 20. Rd5 b6
21. Rad1 Nb7 22. Be3 h6 23. Qd3 Rc8 24. Qa6 Ra8 25. a4 Re7 26. f3 Kh7 27. Qd3
Kg8 28. Bf2 Kh7 29. f4 f6 30. f5 Rc8 31. Qf3 Qc6 32. a5 bxa5 33. Bxa7 a4 34.
Bf2 Ra8 35. R5d3 a3 36. bxa3 Rxa3 37. g4 Ra4 38. Re1 Rc4 39. h4 Nc5 40. Bxc5
Qxc5+ 41. Kh2 Ra7 42. Re2 Ra1 43. Qg3 Qc6 44. Qf3 Qb6 45. Qg2 d5 46. g5 fxg5
47. hxg5 hxg5 48. Rh3+ Kg8 49. Rb2 Qc7 50. Qxg5 Ra6 51. Qh5 Qc8 52. Rg2 Qf8 53.
Rhg3 Rc7 54. Rg6 Rxg6 55. fxg6 Qf4+ 56. Kh1 Rxc3 57. Qh7+ Kf8 58. Qh8+ Ke7 59.
Qxg7+ Kd6 60. Qh8 Rc1+ 61. Rg1 Qxe4+ 62. Kh2 Rc2+ 63. Kh3 Rc3+ 64. Kh2 Qf4+ 65.
Kh1 Qf3+ 66. Rg2 Qf1+ 67. Kh2 Qf4+ 68. Kh1 Rc1+ 69. Rg1 Qf3+ 70. Kh2 Rc2+ 0-1

[Event "SR 2. liga A 2012/2013"]
[Site "?"]
[Date "2012.12.15"]
[Round "28.4"]
[White "Biro, Karol"]
[Black "Jablonicky, Frantisek"]
[Result "1-0"]
[WhiteElo "2156"]
[BlackElo "2173"]
[PlyCount "105"]
[EventDate "2012.??.??"]
[WhiteTeam "Krasnany"]
[BlackTeam "D. Streda B"]

1. c4 f5 2. Nc3 Nf6 3. d3 g6 4. e4 d6 5. exf5 Bxf5 6. Nge2 e5 7. Ng3 Be6 8. h4
Nc6 9. h5 Nxh5 10. Nxh5 gxh5 11. Be2 Be7 12. Bxh5+ Kd7 13. Be3 Qg8 14. Bf3 Bg5
15. Ne4 Be7 16. Rh6 Rf8 17. Qe2 Bf5 18. O-O-O Nd4 19. Bxd4 exd4 20. Kb1 c6 21.
Ng3 Bg5 22. Nxf5 Rxf5 23. Bg4 Bxh6 24. Bxf5+ Kd8 25. Rh1 Bf8 26. Qe4 Qg7 27.
Qe6 Kc7 28. Qc8+ Kb6 29. Qd8+ Qc7 30. Qxc7+ Kxc7 31. Rxh7+ Rxh7 32. Bxh7 Bh6
33. Kc2 Kd7 34. Kd1 Ke6 35. g3 b5 36. cxb5 cxb5 37. f4 Kf6 38. Ke2 b4 39. Kf3
Kf7 40. Bf5 d5 41. g4 a5 42. b3 Bf8 43. g5 Bd6 44. Kg4 Ke7 45. Bc8 Bc7 46. Bb7
Ke6 47. f5+ Ke5 48. Bc8 Bd8 49. f6 Bc7 50. Kh5 Bd6 51. Kg6 Kf4 52. Bb7 Ke3 53.
Kf5 1-0

[Event "SR 2. liga A 2012/2013"]
[Site "?"]
[Date "2012.12.15"]
[Round "28.5"]
[White "Koloditsova, Renata"]
[Black "Petreje, Juraj"]
[Result "1/2-1/2"]
[WhiteElo "1881"]
[BlackElo "2150"]
[PlyCount "156"]
[EventDate "2012.??.??"]
[WhiteTeam "D. Streda B"]
[BlackTeam "Krasnany"]

1. d4 Nf6 2. c4 g6 3. Nc3 Bg7 4. e4 d6 5. f4 O-O 6. Be2 c5 7. d5 Nbd7 8. Nf3
Qc7 9. O-O a6 10. a4 Rb8 11. Kh1 Ne8 12. Qc2 b6 13. Be3 Rb7 14. Rac1 Qb8 15.
Bd3 Nc7 16. Bd2 Rd8 17. e5 Nf8 18. b3 Bd7 19. exd6 exd6 20. Ne4 Ne8 21. Bc3
Bxc3 22. Qxc3 b5 23. axb5 axb5 24. Nf6+ Nxf6 25. Qxf6 Be8 26. f5 Nd7 27. Qh4
bxc4 28. Ng5 Nf8 29. bxc4 f6 30. Ne6 g5 31. Qh6 Rf7 32. Rb1 Qc8 33. Rb6 Rdd7
34. Rfb1 Ra7 35. Rb8 Qd7 36. Rd8 Qa4 37. Be2 Qc2 38. Rg1 Nxe6 39. fxe6 Rf8 40.
Bh5 Re7 41. Bf7+ Rexf7 42. exf7+ Kxf7 43. Rxd6 Qg6 44. Qxg6+ hxg6 45. Re1 Ba4
46. Rb6 Kg7 47. Re7+ Kh6 48. g4 Bd1 49. Rbb7 Rh8 50. h3 f5 51. Kg2 fxg4 52.
hxg4 Bxg4 53. d6 Bf5 54. d7 Rd8 55. Kg3 g4 56. Kf4 g3 57. Kxg3 Kg5 58. Re8 Rxd7
59. Rxd7 Bxd7 60. Re5+ Kf6 61. Rxc5 Be6 62. Rc7 Ke5 63. c5 Bf5 64. Ra7 Kd5 65.
Ra5 Kc6 66. Kf4 Kd5 67. Ke3 Bd7 68. Kd3 g5 69. Kc3 g4 70. Kb4 g3 71. Ra3 g2 72.
Rg3 Bh3 73. Kb5 Ke4 74. c6 Kf4 75. Rg8 Bg4 76. Rxg4+ Kxg4 77. c7 g1=Q 78. c8=Q+
Kg3 1/2-1/2

[Event "SR 2. liga A 2012/2013"]
[Site "?"]
[Date "2012.12.15"]
[Round "28.6"]
[White "Kebis, Milos"]
[Black "Feher, Tibor"]
[Result "0-1"]
[WhiteElo "2002"]
[BlackElo "1805"]
[PlyCount "68"]
[EventDate "2012.??.??"]
[WhiteTeam "Krasnany"]
[BlackTeam "D. Streda B"]

1. c4 Nf6 2. Nc3 c6 3. d4 d5 4. e3 Bg4 5. cxd5 cxd5 6. Nf3 e6 7. Qa4+ Nbd7 8.
Ne5 Bf5 9. Bb5 a6 10. Bxd7+ Nxd7 11. Qxd7+ Qxd7 12. Nxd7 Kxd7 13. O-O Rc8 14.
Bd2 b5 15. Rfc1 Bd6 16. f3 Rc4 17. b3 Rc6 18. e4 dxe4 19. Nxe4 Bxe4 20. fxe4
Rhc8 21. Rxc6 Rxc6 22. Rc1 Rxc1+ 23. Bxc1 g6 24. Kf2 f5 25. e5 Bb4 26. Ke2 Kc6
27. Kd3 Kd5 28. h3 Be1 29. Bf4 Bf2 30. Be3 Bxe3 31. Kxe3 g5 32. g3 b4 33. h4 h6
34. h5 a5 0-1

[Event "SR 2. liga A 2012/2013"]
[Site "?"]
[Date "2012.12.15"]
[Round "29.1"]
[White "Kundrik, Peter"]
[Black "Kovacocy, Pavel"]
[Result "1/2-1/2"]
[WhiteElo "2248"]
[BlackElo "2221"]
[PlyCount "65"]
[EventDate "2012.??.??"]
[WhiteTeam "Piestany"]
[BlackTeam "Trnava B"]

1. e4 g6 2. Nf3 Bg7 3. d4 d6 4. Nc3 e6 5. Bg5 Ne7 6. Qd2 h6 7. Be3 a6 8. Bd3
Nd7 9. Ne2 Nf6 10. h3 b6 11. Ng3 Bb7 12. c3 Qd7 13. Qc2 Rd8 14. c4 O-O 15.
O-O-O Nc6 16. Qd2 Kh7 17. e5 Ng8 18. h4 dxe5 19. dxe5 Qe7 20. h5 Nb4 21. hxg6+
fxg6 22. Qe2 Nxd3+ 23. Rxd3 Bxf3 24. gxf3 Rxd3 25. Qxd3 Bxe5 26. Ne4 Bf4 27. a3
e5 28. Kb1 Kg7 29. c5 Bxe3 30. Qxe3 bxc5 31. Nxc5 Qf6 32. Rd1 Rf7 33. Nd7
1/2-1/2

[Event "SR 2. liga A 2012/2013"]
[Site "?"]
[Date "2012.12.15"]
[Round "29.2"]
[White "Drtina, Milan"]
[Black "Seitler, Andrej"]
[Result "0-1"]
[WhiteElo "2202"]
[BlackElo "2223"]
[PlyCount "74"]
[EventDate "2012.??.??"]
[WhiteTeam "Trnava B"]
[BlackTeam "Piestany"]

1. e4 c6 2. d4 d5 3. Nd2 dxe4 4. Nxe4 Nf6 5. Nxf6+ gxf6 6. c3 Bf5 7. Bd3 Bg6 8.
Nf3 e6 9. Be3 Bd6 10. h4 Nd7 11. h5 Bxd3 12. Qxd3 Qa5 13. Nd2 f5 14. Nc4 Qd5
15. Bd2 Bc7 16. Ne3 Qd6 17. Qe2 O-O-O 18. g3 c5 19. O-O-O cxd4 20. cxd4 Nb6 21.
Ba5 Kb8 22. Kb1 f4 23. Bxb6 Qxb6 24. gxf4 Rxd4 25. f5 Rhd8 26. fxe6 Qxe6 27.
Rxd4 Rxd4 28. Qc2 Qe4 29. Rg1 Qxc2+ 30. Kxc2 Be5 31. Rg4 Kc7 32. f4 Bf6 33. f5
Kd6 34. b3 Ke5 35. Rg1 Kf4 36. Nc4 Kxf5 37. Rf1+ Ke6 $138 0-1

[Event "SR 2. liga A 2012/2013"]
[Site "?"]
[Date "2012.12.15"]
[Round "29.3"]
[White "Abel, Peter"]
[Black "Hertel, Ondrej"]
[Result "1-0"]
[WhiteElo "2194"]
[BlackElo "2079"]
[PlyCount "41"]
[EventDate "2012.??.??"]
[WhiteTeam "Piestany"]
[BlackTeam "Trnava B"]

1. c4 Nf6 2. Nc3 e6 3. e4 d5 4. e5 d4 5. exf6 dxc3 6. fxg7 cxd2+ 7. Bxd2 Bxg7
8. Qc2 Nc6 9. Nf3 Qe7 10. Bd3 Nb4 11. Qa4+ Nc6 12. O-O Bd7 13. Qb3 O-O-O 14.
Rfe1 Qc5 15. Bc3 e5 16. Be4 Rde8 17. Rad1 f5 18. Bd5 b6 19. a3 Nd4 20. Nxd4
exd4 21. Bb4 1-0

[Event "SR 2. liga A 2012/2013"]
[Site "?"]
[Date "2012.12.15"]
[Round "29.4"]
[White "Doucha, Ludvik"]
[Black "Mihalik, Marek"]
[Result "1/2-1/2"]
[WhiteElo "2072"]
[BlackElo "2019"]
[PlyCount "47"]
[EventDate "2012.??.??"]
[WhiteTeam "Trnava B"]
[BlackTeam "Piestany"]

1. e4 c5 2. c4 d6 3. Ne2 Nc6 4. d4 cxd4 5. Nxd4 g6 6. Nc3 Bg7 7. Be3 Nf6 8. Be2
O-O 9. O-O a6 10. Qd2 Ng4 11. Bxg4 Bxg4 12. Rac1 Re8 13. Nd5 Rc8 14. h3 Bd7 15.
Nb3 Be6 16. Bb6 Qd7 17. Nd4 Bxd5 18. exd5 Nxd4 19. Bxd4 Bxd4 20. Qxd4 b5 21.
cxb5 axb5 22. Qb6 Rb8 23. Rc7 Qf5 24. Qc6 1/2-1/2

[Event "SR 2. liga A 2012/2013"]
[Site "?"]
[Date "2012.12.15"]
[Round "29.5"]
[White "Manak, Jozef"]
[Black "Liptak, Dusan"]
[Result "0-1"]
[WhiteElo "2020"]
[BlackElo "2060"]
[PlyCount "76"]
[EventDate "2012.??.??"]
[WhiteTeam "Piestany"]
[BlackTeam "Trnava B"]

1. e4 d6 2. d4 Nf6 3. Nc3 Nbd7 4. Nf3 e5 5. Bc4 Be7 6. O-O O-O 7. Bb3 c6 8. h3
b5 9. Re1 a5 10. a4 Ba6 11. Bg5 Qc7 12. Qd2 b4 13. Nd1 Rfe8 14. c3 Rab8 15. Bc2
h6 16. Be3 Bf8 17. dxe5 dxe5 18. Nh4 Nc5 19. f3 b3 20. Bb1 Nfd7 21. g4 Nb6 22.
Nf5 Nc4 23. Qf2 Nxe3 24. Ndxe3 Ne6 25. Kh2 Rbd8 26. h4 Bc5 27. g5 h5 28. c4 Rd7
29. Ng3 Nf4 30. Qf1 Rd2+ 31. Kh1 Red8 32. Ngf5 Qd7 33. Ra3 g6 34. Nh6+ Kf8 35.
Rxb3 Bxe3 36. Rbxe3 Bxc4 37. Bd3 Bxd3 38. Rxd3 Qxd3 0-1

[Event "SR 2. liga A 2012/2013"]
[Site "?"]
[Date "2012.12.15"]
[Round "29.6"]
[White "Puchart, Vladimir"]
[Black "Bincik, Pavol"]
[Result "1-0"]
[WhiteElo "2051"]
[BlackElo "1937"]
[PlyCount "75"]
[EventDate "2012.??.??"]
[WhiteTeam "Trnava B"]
[BlackTeam "Piestany"]

1. d4 d5 2. c4 c6 3. Nc3 Nf6 4. Nf3 e6 5. Bg5 Nbd7 6. e3 Qa5 7. Bxf6 Nxf6 8.
Qb3 Ne4 9. Bd3 Bd6 10. O-O dxc4 11. Bxc4 Ng5 12. Nd2 b5 13. Bd3 f5 14. Rac1 O-O
15. a4 b4 16. Na2 Bd7 17. Nc4 Qc7 18. Nxd6 Qxd6 19. Qxb4 Qc7 20. Qe7 Rf6 21.
Nb4 Re8 22. Qc5 Rh6 23. f4 Nf7 24. Nxc6 Qb7 25. Qb5 Qa8 26. Qa6 e5 27. d5 exf4
28. exf4 Bxc6 29. Rxc6 Qd8 30. Rxh6 Nxh6 31. d6 Qh4 32. d7 Rd8 33. Qe6+ Kf8 34.
Re1 g6 35. Qe8+ Kg7 36. Re7+ Nf7 37. Qxf7+ Kh8 38. Qg7# 1-0

[Event "SR 2. liga A 2012/2013"]
[Site "?"]
[Date "2012.12.15"]
[Round "29.7"]
[White "Mihalik, Anton"]
[Black "Sturdik, Igor"]
[Result "1-0"]
[WhiteElo "1953"]
[BlackElo "2027"]
[PlyCount "65"]
[EventDate "2012.??.??"]
[WhiteTeam "Piestany"]
[BlackTeam "Trnava B"]

1. c4 e5 2. Nc3 Nc6 3. Nf3 Nf6 4. g3 d5 5. cxd5 Nxd5 6. Bg2 Nb6 7. d3 Be7 8.
O-O O-O 9. a3 Be6 10. b4 a6 11. Bb2 f6 12. Rc1 Qd7 13. Re1 Rfd8 14. Qc2 Nd5 15.
Ne4 Rac8 16. Nc5 Bxc5 17. Qxc5 Qd6 18. Qc2 Nce7 19. Nd2 c6 20. Ne4 Qb8 21. Nc5
Bf7 22. Bh3 Rc7 23. e4 Nb6 24. Be6 Rd6 25. Bxf7+ Kxf7 26. Qb3+ Kg6 27. f4 Qg8
28. Qxg8 Nxg8 29. fxe5 fxe5 30. Bxe5 Rcd7 31. Bxd6 Rxd6 32. Nxb7 Rxd3 33. Rxc6+
1-0

[Event "SR 2. liga A 2012/2013"]
[Site "?"]
[Date "2012.12.15"]
[Round "29.8"]
[White "Puskar, Peter"]
[Black "Curidlo, Jan"]
[Result "1-0"]
[WhiteElo "2004"]
[BlackElo "1880"]
[PlyCount "85"]
[EventDate "2012.??.??"]
[WhiteTeam "Trnava B"]
[BlackTeam "Piestany"]

1. d4 Nf6 2. c4 e6 3. Nf3 b6 4. g3 Bb7 5. Bg2 Be7 6. O-O O-O 7. Nc3 d5 8. Ne5
c6 9. f4 Nbd7 10. b3 Rc8 11. Bb2 a6 12. Qd3 Qc7 13. cxd5 cxd5 14. Rac1 Qb8 15.
e3 Rc7 16. Nxd7 Rxd7 17. f5 Bd6 18. fxe6 fxe6 19. Ne2 Re7 20. Nf4 Qa8 21. Bh3
Bc8 22. Rc2 Bd7 23. Rfc1 Qb7 24. Qd1 g6 25. Bg2 Rfe8 26. Nd3 Bb5 27. Ne5 Bxe5
28. dxe5 Ne4 29. a4 Bd7 30. Rc7 Qb8 31. Bxe4 Bxa4 32. Rxe7 Rxe7 33. Bxd5 Bd7
34. Bg2 Rf7 35. Qd6 Qd8 36. Bd4 Qg5 37. Rf1 Bb5 38. Rxf7 Kxf7 39. Bh3 Qe7 40.
Qxe7+ Kxe7 41. Bxb6 Bd3 42. Bf1 Bc2 43. b4 1-0

[Event "SR 2. liga A 2012/2013"]
[Site "?"]
[Date "2012.12.15"]
[Round "30.1"]
[White "Pagerka, Martin"]
[Black "Federic, Jozef"]
[Result "1/2-1/2"]
[WhiteElo "2261"]
[BlackElo "2299"]
[PlyCount "118"]
[EventDate "2012.??.??"]
[WhiteTeam "Osuske B"]
[BlackTeam "Modra B"]

1. e4 c5 2. Nf3 e6 3. d4 cxd4 4. Nxd4 Nf6 5. Nc3 Nc6 6. Nxc6 bxc6 7. e5 Nd5 8.
Ne4 Qc7 9. f4 Qb6 10. c4 Bb4+ 11. Ke2 f5 12. exf6 Nxf6 13. Be3 Qd8 14. Nd6+
Bxd6 15. Qxd6 Qe7 16. Bc5 Qxd6 17. Bxd6 Ne4 18. Be5 O-O 19. Ke3 d5 20. Bd3 Nc5
21. Bc2 Rf7 22. Rac1 Nd7 23. Bd6 Ba6 24. Bb3 Nb6 25. c5 Nc4+ 26. Bxc4 Bxc4 27.
b3 Ba6 28. Kd4 Re8 29. Be5 Rb7 30. Kc3 Be2 31. h3 Bh5 32. g3 Bf3 33. Rh2 Rb5
34. Bd6 Kf7 35. Rb2 Ra8 36. a4 Rb7 37. b4 a6 38. Kd4 Ke8 39. Ke3 Be4 40. Rc3
Kd7 41. g4 g6 42. Rcb3 h5 43. Kd4 hxg4 44. hxg4 Rh8 45. Ke5 Rh1 46. b5 axb5 47.
axb5 Rxb5 48. Rxb5 cxb5 49. Rxb5 Rc1 50. Rb7+ Kc6 51. Rb6+ Kd7 52. Bf8 Bf3 53.
g5 Bg4 54. Kf6 Bf5 55. Be7 Rc4 56. Rd6+ Kc8 57. Rc6+ Kd7 58. Rd6+ Kc8 59. Rc6+
Kd7 1/2-1/2

[Event "SR 2. liga A 2012/2013"]
[Site "?"]
[Date "2012.12.15"]
[Round "30.3"]
[White "Jozefek, Michal"]
[Black "Mydlarik, Martin"]
[Result "0-1"]
[WhiteElo "2060"]
[BlackElo "2114"]
[PlyCount "132"]
[EventDate "2012.??.??"]
[WhiteTeam "Osuske B"]
[BlackTeam "Modra B"]

1. d4 Nf6 2. c4 e6 3. Nc3 Bb4 4. Qc2 c5 5. dxc5 Na6 6. a3 Bxc3+ 7. Qxc3 Nxc5 8.
b4 Nce4 9. Qd4 d5 10. c5 b6 11. f3 bxc5 12. bxc5 Qa5+ 13. Qb4 Qxb4+ 14. axb4
Nc3 15. Bb2 d4 16. e3 Ncd5 17. exd4 Nxb4 18. Kd2 Bd7 19. Bc4 Bc6 20. Ne2 Kd7
21. Bc3 Nbd5 22. Ra2 Rhb8 23. Rha1 Rb7 24. Nc1 Nxc3 25. Kxc3 Nd5+ 26. Kd2 a5
27. Nd3 f6 28. Rxa5 Rxa5 29. Rxa5 Nc7 30. Kc3 Rb1 31. Ra7 Kc8 32. Ra2 g5 33.
Rb2 Ra1 34. Rb6 Bd5 35. Rb3 Bc6 36. Rb2 h6 37. f4 Kd7 38. fxg5 hxg5 39. Rf2 Ke7
40. Nb4 Be4 41. g3 Rc1+ 42. Kb3 Rd1 43. Re2 Rxd4 44. Kc3 e5 45. Ra2 Rd1 46. Ra7
Kd8 47. Na6 Nd5+ 48. Bxd5 Bxd5 49. Nc7 Rc1+ 50. Kd3 Rxc5 51. Nxd5 Rxd5+ 52. Ke4
Rd2 53. Kf5 Rf2+ 54. Ke6 e4 55. Ra3 g4 56. Re3 f5 57. Kd6 Rxh2 58. Rb3 Rd2+ 59.
Ke5 Rd3 60. Rb2 Rf3 61. Kd6 Kc8 62. Ke5 Kc7 63. Rd2 Kc6 64. Rc2+ Kb5 65. Kd5
Rxg3 66. Rb2+ Ka6 0-1

[Event "SR 2. liga A 2012/2013"]
[Site "?"]
[Date "2012.12.15"]
[Round "30.4"]
[White "Kundrak, Vladimir"]
[Black "Polasek, Filip"]
[Result "1-0"]
[WhiteElo "1964"]
[BlackElo "2093"]
[PlyCount "57"]
[EventDate "2012.??.??"]
[WhiteTeam "Modra B"]
[BlackTeam "Osuske B"]

1. d4 d5 2. c4 e6 3. Nc3 Nf6 4. cxd5 exd5 5. Bg5 Nbd7 6. e3 Be7 7. Bd3 O-O 8.
Nge2 b6 9. O-O Bb7 10. Qc2 h6 11. Bh4 Rc8 12. f3 c5 13. Bf2 Re8 14. Ng3 Bf8 15.
Rae1 a6 16. Bf5 b5 17. dxc5 Rxc5 18. Qd1 Rc4 19. Bd3 Rc6 20. e4 Ne5 21. exd5
Nxd5 22. Nxd5 Nxd3 23. Rxe8 Qxe8 24. Qxd3 Rd6 25. Qe3 Re6 26. Qb3 Qc6 27. Nc3
b4 28. Nce4 a5 29. Qd1 1-0

[Event "SR 2. liga A 2012/2013"]
[Site "?"]
[Date "2012.12.15"]
[Round "30.5"]
[White "Gasa, Patrik"]
[Black "Sustak, Roman"]
[Result "1-0"]
[WhiteElo "1906"]
[BlackElo "1917"]
[PlyCount "83"]
[EventDate "2012.??.??"]
[WhiteTeam "Osuske B"]
[BlackTeam "Modra B"]

1. d4 Nf6 2. Nf3 e6 3. g3 c5 4. Bg2 d5 5. O-O Nc6 6. b3 cxd4 7. Nxd4 Bc5 8. Bb2
Bd7 9. Nxc6 Bxc6 10. Nd2 O-O 11. c4 Qe7 12. e3 Rfd8 13. Qe2 Rac8 14. Rfd1 a6
15. Rac1 Ba3 16. Bxa3 Qxa3 17. Nb1 Qa5 18. Qd2 Qc7 19. Qe2 Qe7 20. Nd2 b5 21.
cxd5 Bxd5 22. e4 Ba8 23. e5 Bxg2 24. exf6 Qxf6 25. Rxc8 Rxc8 26. Kxg2 Rc2 27.
Qd3 Rc8 28. Ne4 Qe7 29. Qd6 Kf8 30. Qxa6 Rb8 31. Qd6 Qxd6 32. Rxd6 Ke7 33. Rc6
e5 34. b4 Rd8 35. a3 f5 36. Nc5 Rd5 37. Rb6 e4 38. Rxb5 g5 39. a4 h5 40. Nxe4
Rxb5 41. axb5 fxe4 42. Kf1 1-0

[Event "SR 2. liga A 2012/2013"]
[Site "?"]
[Date "2012.12.15"]
[Round "30.6"]
[White "Soldan, Jan"]
[Black "Pericka, Tomas"]
[Result "0-1"]
[WhiteElo "1837"]
[BlackElo "2029"]
[PlyCount "138"]
[EventDate "2012.??.??"]
[WhiteTeam "Modra B"]
[BlackTeam "Osuske B"]

1. e4 c5 2. Nf3 Nc6 3. d4 cxd4 4. Nxd4 g6 5. Be3 Bg7 6. Bc4 Nf6 7. Nc3 Qa5 8.
O-O O-O 9. Bb3 d6 10. Nd5 Re8 11. f3 Bd7 12. c3 Rac8 13. Ne2 Ne5 14. Ng3 Nc4
15. Bxc4 Rxc4 16. b3 Nxd5 17. exd5 Rxc3 18. Qe1 Qxd5 19. Rd1 Qa5 20. Ne4 Qc7
21. Nxc3 Bxc3 22. Rc1 Rc8 23. Qf2 Qa5 24. Bxa7 Ra8 25. Be3 Bf6 26. Bd4 e5 27.
Bc3 Qxa2 28. Qb6 Qa6 29. Qb4 Rc8 30. Rfd1 Bg5 31. Ra1 Be3+ 32. Kh1 Bc5 33. Qh4
Qc6 34. Bd2 d5 35. Rac1 Qe6 36. Bh6 d4 37. b4 Be7 38. Rxc8+ Bxc8 39. Bg5 f6 40.
Bd2 Qb3 41. Qe1 Bd7 42. Rc1 Bc6 43. h3 Qd5 44. Ra1 f5 45. Ra5 b5 46. Ra7 Bb7
47. Qc1 Bd6 48. Qe1 Bb8 49. Ra1 e4 50. Rd1 Bc6 51. fxe4 fxe4 52. Qg1 Qe5 53.
Bh6 e3 54. Rf1 Bd6 55. Bf4 Qe6 56. Bxd6 Qxd6 57. Rc1 Qd5 58. Qh2 e2 59. Qb8+
Kg7 60. Qc7+ Bd7 61. Qd8 d3 62. Qe7+ Qf7 63. Qe5+ Qf6 64. Qe3 Qf1+ 65. Kh2 Qf5
66. Rc7 g5 67. Qe7+ Kh6 68. h4 Qf4+ 69. g3 Qf2+ 0-1

[Event "SR 2. liga A 2012/2013"]
[Site "?"]
[Date "2012.12.15"]
[Round "30.7"]
[White "Diviak, Rastislav"]
[Black "Hlubovic, Michal"]
[Result "0-1"]
[WhiteElo "2017"]
[BlackElo "1834"]
[PlyCount "58"]
[EventDate "2012.??.??"]
[WhiteTeam "Osuske B"]
[BlackTeam "Modra B"]

1. e4 d6 2. d4 g6 3. Nc3 Bg7 4. f4 Nd7 5. Nf3 c5 6. d5 a6 7. a4 Qa5 8. Bd2 Qb4
9. Bd3 c4 10. Be2 Qxb2 11. Ra2 Qb4 12. Nb5 c3 13. Nc7+ Kd8 14. Nxa8 cxd2+ 15.
Kf1 Bc3 16. Bd3 b6 17. h4 Bb7 18. Ng5 Nh6 19. h5 Bxa8 20. hxg6 hxg6 21. Rxh6
Rxh6 22. Nxf7+ Ke8 23. Nxh6 Nf6 24. Ra1 Qd4 25. Ra3 Nxd5 26. exd5 Qxf4+ 27. Ke2
Qe5+ 28. Kf3 Bxd5+ 29. Kg4 Qh5+ 0-1